Návrh modelu vzduchovej zbrane

Na minha lista:
Detalhes bibliográficos
Autor principal: Martinka, Erik, 1988- (Author)
Outros Autores: Václav, Štefan, 1976- (Thesis advisor)
Formato: Manuscrito Livro
Idioma:eslovaco
Publicado em: Trnava : STU v Bratislave MTF UVTE, 2013
Assuntos:
Acesso em linha:VAIS
Tags: Adicionar Tag
Sem tags, seja o primeiro a adicionar uma tag!

MARC

LEADER 00000ntm a22000003a 4500
001 stu268054
005 20160719160709.9
008 130612s2013----xo------------------slo-d
040 |a STU  |b slo 
041 0 |a slo 
044 |a xo 
100 1 |a Martinka, Erik,  |d 1988-  |4 aut  |X 59685  |7 A000059685 
242 0 0 |a Draft model air gun  |y eng 
245 1 |a Návrh modelu vzduchovej zbrane  
260 |a Trnava :  |b STU v Bratislave MTF UVTE,  |c 2013 
650 7 |a počítačová podpora návrhu a výroby  |2 stusub 
650 7 |a Computer-Aided Design and Production  |2 estusub 
650 7 |a design  |2 estusub 
650 7 |a 3D model  |2 estusub 
650 7 |a návrh  |2 stusub 
700 1 |a Václav, Štefan,  |d 1976-  |4 ths  |u M3000  |U MTF Materiálovotechnologická fakulta  |T MTF Ústav výrobných technológií  |X 2778  |U M3000  |Y 83  |7 A000002778 
856 4 |a info a plný text  |u http://is.stuba.sk/zp/portal_zp.pl?podrobnosti=90873  |3 VAIS 
996 |c M*DP-11158  |l MMSKP  |s P  |a 0  |w stu268054_0001